000 00448nam a2200181Ia 4500
001 7897
005 20260306160529.0
008 260306t1997||||xx |||||||||||||| ||spa||
041 _aESP
082 _a363.7
_bC61
100 _aEnkerlin, Ernesto C. (ed.)
_eAUT
245 0 _aCiencia ambiental y desarrollo sostenible
260 _c1997
300 _axxii, 690 páginas :
_c27 cm.
650 _aGEN
654 _aCAN
942 _cLIB
_dJUS
_fJUS
_2ddc
_n
999 _c7897
_d7897